New guide to baby care (Record no. 122456)

MARC details
000 -LEADER
fixed length control field 00912nam a22002777a 4500
005 - DATE AND TIME OF LATEST TRANSACTION
control field 20170124105910.0
010 ## - LIBRARY OF CONGRESS CONTROL NUMBER
LC control number A-835739
020 ## - INTERNATIONAL STANDARD BOOK NUMBER
Terms of availability 00
International Standard Book Number 1860351654
035 ## - SYSTEM CONTROL NUMBER
System control number A-835739
037 ## - SOURCE OF ACQUISITION
Source of stock number/acquisition Cen Lib/Ret
040 ## - CATALOGING SOURCE
Original cataloging agency DPL
Language of cataloging EN
082 ## - DEWEY DECIMAL CLASSIFICATION NUMBER
Classification number 649.1
100 ## - MAIN ENTRY--PERSONAL NAME
Personal name Mackonochie, Alison
245 ## - TITLE STATEMENT
Title New guide to baby care
Statement of responsibility, etc by Alison Mackonochie; edited by Elizabeth Longley; illustrated by Ian Sidaway
260 ## - PUBLICATION, DISTRIBUTION, ETC. (IMPRINT)
Place of publication, distribution, etc London
Name of publisher, distributor, etc Anness Publishing
Date of publication, distribution, etc 1996
270 ## - ADDRESS
Address 1 Boundary Row
City London
300 ## - PHYSICAL DESCRIPTION
Extent 96p. :
Dimensions 27cm(Hb)
Other physical details ill.
500 ## - GENERAL NOTE
General note Includes and index
650 ## - SUBJECT ADDED ENTRY--TOPICAL TERM
Topical term or geographic name as entry element Health care
650 ## - SUBJECT ADDED ENTRY--TOPICAL TERM
Topical term or geographic name as entry element Health Sciences
Form subdivision Baby care
650 ## - SUBJECT ADDED ENTRY--TOPICAL TERM
Topical term or geographic name as entry element स्वास्थ्य सेवा
650 ## - SUBJECT ADDED ENTRY--TOPICAL TERM
Topical term or geographic name as entry element स्वास्थ्य विज्ञान
Form subdivision शिशु की देखभाल
700 ## - ADDED ENTRY--PERSONAL NAME
Personal name Longley, Elizabeth
700 ## - ADDED ENTRY--PERSONAL NAME
Personal name Sidaway, Ian
942 ## - ADDED ENTRY ELEMENTS (KOHA)
Source of classification or shelving scheme Dewey Decimal Classification
Koha item type English Books
Classification part 649.1
Call number suffix MAC
Holdings
Withdrawn status Lost status Damaged status Not for loan Collection code Home library Current library Date acquired Source of acquisition Cost, normal purchase price Total Checkouts Full call number Barcode Date last seen Copy number Cost, replacement price Price effective from Koha item type
      Not For Loan Reference Central Library Central Library 22/05/2015 Cen Lib/Ret 0.00   649.1 MAC A-835739 22/05/2015 1 0.00 15/09/2016 English Books

© Delhi Public Library
Hit Counter
free hit counter